Catálogo

FONDOS DE CAPITAL EN LOS PAISES SUBDESARROLLADOS : (Registro nro. 20971)

Detalles MARC
000 -LEADER
fixed length control field 00589nam a2200181 a 4500
001 - CONTROL NUMBER
control field 20971
005 - DATE AND TIME OF LATEST TRANSACTION
control field 20180713214637.0
008 - FIXED-LENGTH DATA ELEMENTS--GENERAL INFORMATION
fixed length control field 140415s1969 000 0 spa d
041 ## - LANGUAGE CODE
Language code of text/sound track or separate title spa
082 ## - DEWEY DECIMAL CLASSIFICATION NUMBER
Classification number 330.1724
Item number NEV
100 1# - MAIN ENTRY--PERSONAL NAME
Personal name NEVIN, EDWARD
245 10 - TITLE STATEMENT
Title FONDOS DE CAPITAL EN LOS PAISES SUBDESARROLLADOS :
Remainder of title LA MISION DE LAS INSTITUCIONES FINANCIERAS
260 ## - PUBLICATION, DISTRIBUTION, ETC.
Place of publication, distribution, etc. [s.l.] :
Name of publisher, distributor, etc. FONDO DE CULTURA ECONOMICA,
Date of publication, distribution, etc. 1969
300 ## - PHYSICAL DESCRIPTION
Extent 152
490 ## - SERIES STATEMENT
Series statement SECCION DE OBRAS DE ECONOMIA
650 14 - SUBJECT ADDED ENTRY--TOPICAL TERM
Topical term or geographic name entry element DESARROLLO ECONOMICO
General subdivision PAISES EN DESARROLLO
700 1# - ADDED ENTRY--PERSONAL NAME
Personal name MATEO, ANDRES M.
Relator term tr.
Existencias
Withdrawn status Lost status Source of classification or shelving scheme Damaged status Not for loan Collection code Home library Current library Shelving location Date acquired Source of acquisition Inventory number Total Checkouts Full call number Barcode Date last seen Price effective from Koha item type
    Dewey Decimal Classification     General Biblioteca Karol Wojtyla Biblioteca Karol Wojtyla Sala general 03/12/2013 Compra 151000000000000000049873   330.1724 NEV 4106 05/01/2026 03/12/2013 Libro